Veluthambi Dalavayum Kundara Vilambaravum (Record no. 136412)

MARC details
000 -LEADER
fixed length control field 00511nam a22001817a 4500
003 - CONTROL NUMBER IDENTIFIER
control field OSt
005 - DATE AND TIME OF LATEST TRANSACTION
control field 20241029153147.0
008 - FIXED-LENGTH DATA ELEMENTS--GENERAL INFORMATION
fixed length control field 241029b |||||||| |||| 00| 0 eng d
040 ## - CATALOGING SOURCE
Transcribing agency SBCL
082 ## - DEWEY DECIMAL CLASSIFICATION NUMBER
Classification number 954
Item number KAC-V
100 ## - MAIN ENTRY--PERSONAL NAME
Personal name Kachiramattam,John
245 ## - TITLE STATEMENT
Title Veluthambi Dalavayum Kundara Vilambaravum
250 ## - EDITION STATEMENT
Edition statement 1st ed.
260 ## - PUBLICATION, DISTRIBUTION, ETC.
Place of publication, distribution, etc. Erattupetta
Name of publisher, distributor, etc. DR. Kachiramattam Foundation
Date of publication, distribution, etc. 2010
300 ## - PHYSICAL DESCRIPTION
Extent 124p.
650 ## - SUBJECT ADDED ENTRY--TOPICAL TERM
Topical term or geographic name entry element History of Asia; Far East
942 ## - ADDED ENTRY ELEMENTS (KOHA)
Koha item type BOOK
650 ## - SUBJECT ADDED ENTRY--TOPICAL TERM
Source of heading or term History & geography
Form subdivision South Asia; India
Holdings
Withdrawn status Lost status Source of classification or shelving scheme Damaged status Not for loan Home library Current library Date acquired Total Checkouts Full call number Barcode Shelving location Date last seen Cost, replacement price Price effective from Koha item type
    Dewey Decimal Classification     SB LIBRARY SB LIBRARY 29/10/2024   954 KAC-V 142524 GENERAL STACK 29/10/2024 100.00 29/10/2024 BOOK

Powered by Koha